Prueba de La Rioja (ARG) - Estadísticas

Estadísticas generales
  • Esta prueba ha sido intentada 19 veces
  • La puntuación promedio es 4 de 12
Estadísticas de respuestas
Pregunta Respuesta % Correcto
Gentilicio Riojano
100%
Presidente de Argentina en los 90 Carlos Menem
64%
Bono Bocade emitido en 2024 Chachos
43%
El principal cultivo Uvas
43%
Segunda ciudad más poblada Chilecito
36%
La Rioja formó parte de esta región entre 1988 y 2012 Región del Nuevo Cuyo
36%
Nombre completo de la capital Ciudad de {Todos los Santos} de la Nueva Rioja
14%
El apodo del futbolista Ramón Ángel Díaz El Pelado
14%
Parque nacional creado para proteger yacimientos Parque nacional Talampaya
14%
En agosto hay una fiesta de peregrinación de este santo, importante en el folclor argentino San Francisco Solano
14%
La Ruta Nacional 40 atraviesa la Sierra de Sañogasta aquí Cuesta de {Miranda}
7%
Nombre científico de un dinosaurio que significa "lagarto incierto de La Rioja" Riojasaurus incertus
7%
No se encontraron pruebas coincidentes
Distribución de puntuación
Porcentaje de gente con cada puntuación
Porcentaje por número respondido
Historial de tus puntuaciones
No has intentado esta prueba.